1380 1989 1022 1316 1324 1287 1464 1303 1132 1658 1194 1035 1455 1042 1980 1679 1259 1980 1421 1025 1430 1376 1127 1636 1409 1041 1891 1200 1784 1195 1297 1123 1542 1837 1397 1708 1175 1721 1764 1563 1651 1777 1681 1887 1220 1228 1957 1073 1454 1462 1773 1679 1254 1250 1757 1190 1418 1949 1944 1565 1919 1682 1145 1374 1667 1451 1005 1387 1529 1277 1451 1693 1434 1969 1477 1543 1326 1270 1981 1070 1479 1086 1651 1744 1111 1466 1488 1432 1801 1301 1934 1673 1068 1732 1586 1696 1324 1550 1255 BCNSPRNW ULIB Ver.6.0+V

เปลี่ยนเป็นภาษาไทย

Change to English
 แสดงรายละเอียดบรรณานุกรม
  กลับหน้าหลัก

Brief Record : Get Marc (ISO 2709) : E-mail record : QR code < ปิดหน้าต่าง
LEADER : 00000nam 2200000uu 4500
001    13399126034
003     ULIB
008    180507s2560||||th 000 0 tha d
020    ^a9786167687858
060    ^aWY157.3 ก125ก
100    ^aกนกวรรณ ฉันธนะมงคล
245    ^aการพยาบาลสตรีที่มีโรคร่วมกับการตั้งครรภ์
250    ^aพิมพ์ครั้งที่ 2
260    ^aปทุมธานี :^bมหาวิทยาลัยรังสิต,^c2560
300    ^a333 หน้า^bภาพประกอบ
650    ^aการพยาบาลสูติศาสตร์
650    ^aสตรีตั้งครรภ์ที่มีโรคร่วม
945    ^p300^l0^i25778
945    ^p300^l0^i25779
945    ^p300^l0^i25780
945    ^p300^l0^i25781
945    ^p300^l0^i25782
999    ^aกัณชพร
รายการนี้ยังไม่มีแท็ก
คุณยังไม่ได้ล็อกอิน คุณสามารถมีกิจกรรมร่วมกับเว็บไซต์ได้ แต่ต้องล็อกอินก่อน ::
  ล็อกอิน

รายการสื่อสารสนเทศ

ลำดับที่ ประเภท เลขเรียก/บาร์โค้ด สถานที่ สถานะ
1. หนังสือสำรอง
หนังสือสำรอง
WY157.3 ก125ก ฉ.1 
  Barcode: 25778
ห้องสมุดวิทยาเขตสวรรค์ประชารักษ์
►หนังสือทั่วไป
บนชั้น
2. วิทยาศาสตร์การแพทย์ และสุขภาพ
วิทยาศาสตร์การแพทย์ และสุขภาพ
WY157.3 ก125ก ฉ.2 
  Barcode: 25779
ห้องสมุดวิทยาเขตสวรรค์ประชารักษ์
►หนังสือทั่วไป
บนชั้น
3. วิทยาศาสตร์การแพทย์ และสุขภาพ
วิทยาศาสตร์การแพทย์ และสุขภาพ
WY157.3 ก125ก ฉ.3 
  Barcode: 25780
ห้องสมุดวิทยาเขตสวรรค์ประชารักษ์
►หนังสือทั่วไป
ถูกยืม กำหนดส่งวันที่ 15 พฤษภาคม 2569
  จอง
4. วิทยาศาสตร์การแพทย์ และสุขภาพ
วิทยาศาสตร์การแพทย์ และสุขภาพ
WY157.3 ก125ก ฉ.4 
  Barcode: 25781
ห้องสมุดวิทยาเขตสวรรค์ประชารักษ์
►หนังสือทั่วไป
บนชั้น
5. วิทยาศาสตร์การแพทย์ และสุขภาพ
วิทยาศาสตร์การแพทย์ และสุขภาพ
WY157.3 ก125ก ฉ.5 
  Barcode: 25782
ห้องสมุดวิทยาเขตสวรรค์ประชารักษ์
►หนังสือทั่วไป
บนชั้น

รายการใกล้เคียง
    ชื่อเรื่อง [การพยาบาลสตรีที่มีโรคร่วมกับการตั้งครรภ์]

    ผู้แต่ง [กนกวรรณ ฉันธนะมงคล]

    หัวเรื่อง [การพยาบาลสูติศาสตร์]
    หัวเรื่อง [สตรีตั้งครรภ์ที่มีโรคร่วม]

BibComment


ยังไม่เคยถูกคอมเมนท์

คอมเมนท์ทรัพยากรรายการนี้
  คอมเมนท์: การพยาบาลสตรีที่..


 Copyright 2026. Bcnsprnw @Library